Vista normal Vista MARC

Entrada Personal Name

Número de registros utilizados en: 2

001 - CONTROL NUMBER

  • control field: 48418

003 - CONTROL NUMBER IDENTIFIER

  • control field: OSt

005 - DATE AND TIME OF LATEST TRANSACTION

  • control field: 20241126090700.0

008 - FIXED-LENGTH DATA ELEMENTS

  • fixed length control field: 241126|| aca||aabn | a|a d

040 ## - CATALOGING SOURCE

  • Original cataloging agency: OSt
  • Transcribing agency: OSt

100 ## - HEADING--PERSONAL NAME

  • Personal name: Javier L. Collazo

670 ## - SOURCE DATA FOUND

  • Source citation: Work cat.: (OSt)43060: Javier L. Collazo, Diccionario Collazo inglés-español de Informática, computación y otras materias = English - Spanish Collazo of informatics, computing and other subjects









Instituto Departamental de Cultura del Meta - Red Departamental de Bibliotecas Públicas del Meta.